000 01145cam a22001934a 4500
005 20250605164029.0
008 250528s ||||||||||||||||||||||||d
035 _a16542
040 _aGR-AtMCL
_bgre
_dGR-AtMCL
_eAACR2
245 1 _aΘεωρία της Αξίας και της Διανομής / Ιδεολογία και Οικονομική Θεωρία: Από τον Άνταμ Σμίθ μέχρι Σήμερα
250 _a
260 _bGutenberg,
_c1976
300 _a356
520 _aΠρόλογος Θεόδωρου Λιανού, Εισαγωγή: Για την Ιδεολογία, Άνταμ Σμίθ, Νταίβιντ Ρικάρντο, Η Αντίδραση Ενάντια στον Ρικάρντο, Τζών Στιούαρτ Μίλλ, Κάρλ Μάρξ, Η ''Επανάσταση του Τζέβονς'', Αναζωπύρωση της Διαμάχης, Μια Δεκαετία Έντονης Κριτικής, Παράρτημα στο Τμήμα ΙΙ του Κεφαλαίου 9, Γλωσσάριο, Ευρετήριο.
700 1 _aΝτόμπ Μώρις
_92641
942 _cBK
999 _c2034
_d2034